00633nam a2200193Ia 4500008004100000020001300041082001400054100002500068245003900093250000800132260003400140300003100174500001900205600002700224650005000251942000700301952011600308999001500424240925s9999 xx 000 0 und d a72515848 a004.6 FOR aForouzan, Behrouz A. 0aData Communications and Networking a3rd aBoston:bMC Graw-Hillc,2004. axxiv,676p.bN.AfPhotocopy aIncludes Index aEngineering Technology aComputer science, information & general works cBK 001040708ETaUITUbUITUd2007-08-06eF.B.Cg395.00l0o004.6 FORpQ7121r2024-09-25 07:14:29w2024-09-25yBK c9620d9620